Formação histórica da nacionalidade brasileira / (Record no. 1311)

MARC details
000 -LÍDER
Campo Fixo de Controle 00924nam a2200265 a 4500
001 - NÚMERO DE CONTROLE
Campo de Controle 1311
003 - IDENTIFICAÇÃO DO NÚMERO DE CONTROLE
Campo de Controle BR-CuiBMT
005 - DATA E HORA DA ÚLTIMA ATUALIZAÇÃO
Campo de Controle 20231204231232.0
008 - DADOS FIXOS
Dados Fixos 231201s2012 dfba 001 0 por d
020 ## - INTERNATIONAL STANDARD BOOK NUMBER
Nº do ISBN 9788570183934
040 ## - AGÊNCIA CATALOGADORA
Código da Agência Catalogadora BR-CuiBMT
Agência que transcreveu o registro BR-CuiBMT
080 ## - Nº DA CLASSIFICAÇÃO DECIMAL UNIVERSAL
Nº Class. CDU 94
Subd. Auxiliar Comum (81).013/.06
Nº edição CDU 2007
090 ## - NÚMERO DE CHAMADA
Nº classificação 94(81).013/.06
Cutter L732f
100 1# - ENTRADA PRINCIPAL -- AUTOR PESSOAL
Nome pessoal Lima, Manoel de Oliveira,
Datas associadas ao nome 1867-1928
240 10 - TÍTULO UNIFORME/ORIGINAL
Título original Formation historique de la nationalite´ bre´silienne.
Idioma da publicação Português
245 10 - TÍTULO PRINCIPAL
Título principal Formação histórica da nacionalidade brasileira /
Indicação de responsabilidade Oliveira Lima; tradução de Aurélio Domingues.
260 ## - PUBLICAÇÃO, DISTRIBUIÇÃO, ETC.
Local de publicação Brasília :
Editora Senado Federal,
Data 2012.
300 ## - DESCRIÇÃO FÍSICA
N. páginas ou volumes 243 p. :
Ilustrações il. ;
Dimensões 23 cm
490 1# - INDICAÇÃO DE SÉRIE
Título da série Coleção edições do Senado Federal ;
Volume/designação sequencial da série v. 158
504 ## - NOTA DE BIBLIOGRAFIA, ETC.
Nota de bibliografia Inclui bibliografia e índice.
650 ## - ASSUNTO TÓPICO
Cabeçalho tópico ou nome geográfico Brasil
Subdivisão geral História
Subdivisão cronológica 1500-1889
650 ## - ASSUNTO TÓPICO
Cabeçalho tópico ou nome geográfico Nacionalismo
830 #0 - ENTRADA SECUNDÁRIA DE SÉRIE -- TÍTULO UNIFORME
Título uniforme Edições do Senado Federal ;
Nº do volume/designação sequencial da série 138
942 ## - ELEMENTOS DE ENTRADA ADICIONAIS (KOHA)
Fonte de classificação ou esquema de arquivamento Classificação Decimal Universal
Tipo de item do Koha Livros
Holdings
Estado: removido Estado: perdido Fonte de classificação ou esquema de arquivamento Estado: danificado Indisponível para empréstimo Localização permanente Localização atual Data de aquisição Total Checkouts Número de Chamada completo Código de barras Date last seen Número do exemplar Preço efetivo a partir de Tipo de item (Koha)
    Classificação Decimal Universal     Biblioteca da Escola Superior de Contas do TCE/MT Biblioteca da Escola Superior de Contas do TCE/MT 04/12/2023   94(81).013/.06 L732f BIBTCEMT23120153 04/12/2023 Ex. 1 04/12/2023 Livros

Powered by Koha